Central Library OPAC University of Rajshahi

Subject Based Teacher Training Program at Higher Secondary Level in Bangladesh / (Record no. 81557)

MARC details
000 -LEADER
fixed length control field 00942nam a2200241 a 4500
001 - CONTROL NUMBER
RUCL Control Number 81557
003 - CONTROL NUMBER IDENTIFIER
rucl marc code BD-RjUL
005 - DATE AND TIME OF LATEST TRANSACTION
control field 20230809142337.0
008 - FIXED-LENGTH DATA ELEMENTS--GENERAL INFORMATION
fixed length control field 230711s2019 bg ||||| m||| 00| 0 eng d
035 ## - SYSTEM CONTROL NUMBER
system control number (BD-RjUL) 81557
040 ## - CATALOGING SOURCE
Original cataloging agency BD-RjUL
Language of cataloging eng
Transcribing agency BD-RjUL
Modifying agency BD-RjUL
041 ## - LANGUAGE CODE
Language code of Book eng
082 ## - DEWEY DECIMAL CLASSIFICATION NUMBER
Classification number 370.711095492
Author mark and Year SAS 2019
DDC Edition number 23
100 ## - MAIN ENTRY--PERSONAL NAME
Personal name Sarwar, Md. Halim
9 (RLIN) 7971
245 10 - TITLE STATEMENT
Title Subject Based Teacher Training Program at Higher Secondary Level in Bangladesh /
Statement of responsibility, etc Md. Halim Sarwar ;
Name of Supervisor/Co-Supervisor Supervisor : Md. Mustafa Kamal Akand
260 ## - PUBLICATION, DISTRIBUTION, ETC. (IMPRINT)
Place of publication, distribution, etc Rajshahi :
Name of publisher, distributor, etc Institute of Education and Research, University of Rajshahi,
Date of publication, distribution, etc 2019
300 ## - PHYSICAL DESCRIPTION
Pagination xx, 158 Leaves ;
Dimensions 29 cm.
502 ## - DISSERTATION NOTE
Dissertation note Thesis (Ph. D.) -- Institute of Education and Research, University of Rajshahi, 2019
504 ## - BIBLIOGRAPHY, ETC. NOTE
Bibliography, etc References : Leaves 141-147
650 ## - SUBJECT ADDED ENTRY--TOPICAL TERM
Topical term or geographic name as entry element Education
Form subdivision Teacher Training
Geographic subdivision Bangladesh
9 (RLIN) 7973
700 ## - ADDED ENTRY--SUPERVISOR/CO-SUPERVISOR NAME
Personal name Akand, Md. Mustafa Kamal, Supervisor
9 (RLIN) 7972
942 ## - ADDED ENTRY ELEMENTS (KOHA)
Source of classification or shelving scheme Dewey Decimal Classification
Koha item type Theses
Holdings
Source of classification or shelving scheme Damaged status Not for loan Collection code Permanent Location Current Location Shelving location Date of accession Source of acquisition Total Checkouts Full call number Barcode Date last seen Copy number Thesis
Dewey Decimal Classification   Not For Loan Theses Central Library, University of Rajshahi Central Library, University of Rajshahi Documentation Section 02/03/2023 Controller of Exam. R. U.   THE 370.711095492 SAS 2019 D4706 11/07/2023 C-1 Theses